000 00357cam a2200145ua 4500
041 _aeng
_h
082 _a621.815
_bJUN/MA
100 _aN.D, Junarkar .
245 _aMachine drawing /
_cJunarkar N.D.
_hTextual Documents
260 _aSouth Asia :
_bPearson education ,
_c2007.
300 _a ;
_e`.
504 _a
942 _cBK
999 _c13073
_d13073